000 00354nam a22001457a 4500
003 OSt
005 20160727222446.0
008 160704b xxu||||| |||| 00| 0 eng d
040 _cTEST
100 _91952
_a Boas, G
245 _aThe History of Ideas
260 _aN.Y
_b Charles Scribner's sons
_c1969
300 _aThe History of Ideas
942 _2ddc
_cBK
999 _c1653
_d1653